Capitali che iniziano con la S - Statistics

Statistiche generali
  • Questo quiz è stato fatto 123 volte
  • Il punteggio medio è 11 su 17
Statistiche sulle risposte
Popolazione (ab.) Continente Capitale % Corretto
6 158 080 America del Sud Santiago del Cile
84%
960 031 Europa Stoccolma
84%
305 342 Europa Sarajevo
79%
568 210 Europa Skopje
74%
10 349 312 Asia Seul
73%
1 478 330 Europa Sofia
73%
1 401 900 America del Nord San José
70%
1 773 436 America del Nord San Salvador
66%
5 535 000 Asia Singapore
65%
965 040 America del Nord Santo Domingo
64%
306 751 America del Sud Sucre
60%
64 088 Oceania Suva
59%
22 219 America del Nord Saint John's
56%
33 734 America del Nord Saint George's
54%
3 937 451 Asia Sana'a
46%
115 826 Asia Sri Jayawardenapura Kotte
35%
71 868 Africa São Tomé
31%
Nessun quiz corrispondente trovato
Distribuzione punteggi
Percentuale di utenti per punteggio
Percentile per numero di risposta
I tuoi punteggi nel tempo
Non hai fatto questo quiz